Hydrology the study of water / (Record no. 636)

MARC details
000 -LEADER
fixed length control field 01002nam a22002777a 4500
005 - DATE AND TIME OF LATEST TRANSACTION
control field 20230627111701.0
020 ## - INTERNATIONAL STANDARD BOOK NUMBER
International Standard Book Number 9780531246771 (library binding)
020 ## - INTERNATIONAL STANDARD BOOK NUMBER
International Standard Book Number 9780531282717 (pbk.)
040 ## - CATALOGING SOURCE
Original cataloging agency DLC
Transcribing agency DLC
Modifying agency DLC
Language of cataloging eng
050 00 - LIBRARY OF CONGRESS CALL NUMBER
Classification number GB662.T393
Item number .T393 2012
082 00 - DEWEY DECIMAL CLASSIFICATION NUMBER
Classification number 551.48
Edition number 23
100 1# - MAIN ENTRY--PERSONAL NAME
Personal name Taylor-Butler, Christine.
245 10 - TITLE STATEMENT
Title Hydrology the study of water /
Statement of responsibility, etc. Christine Taylor-Butler.
260 ## - PUBLICATION, DISTRIBUTION, ETC.
Place of publication, distribution, etc. New York :
Name of publisher, distributor, etc. Scholastic ;
Date of publication, distribution, etc. 2012.
300 ## - PHYSICAL DESCRIPTION
Extent 48 pages :
Other physical details color illustrations ;
Dimensions 22 cm.
490 0# - SERIES STATEMENT
Series statement A true book
505 ## - FORMATTED CONTENTS NOTE
Formatted contents note M <br/>
520 ## - SUMMARY, ETC.
Summary, etc. Explains what hydrology is, shows the impact of water on human history, and looks at water's role in climate, the water cycle, and the role of hydrology in the contemporary world.
521 ## - TARGET AUDIENCE NOTE
Target audience note 790 <br/>
Source Lexile <br/>
521 ## - TARGET AUDIENCE NOTE
Target audience note M <br/>
Source Raz-Plus <br/>
650 #0 - SUBJECT ADDED ENTRY--TOPICAL TERM
Topical term or geographic name entry element Hydrology
Form subdivision Juvenile literature.
906 ## - LOCAL DATA ELEMENT F, LDF (RLIN)
a 7
b cbc
c orignew
d 1
e ecip
f 20
g y-gencatlg
942 ## - ADDED ENTRY ELEMENTS (KOHA)
Source of classification or shelving scheme Dewey Decimal Classification
Koha item type Books
Suppress in OPAC No
999 ## -
-- 636
-- 636
Holdings
Withdrawn status Lost status Source of classification or shelving scheme Damaged status Not for loan Collection Home library Current library Shelving location Date acquired Total Checkouts Full call number Barcode Date last seen Date last checked out Copy number Price effective from Koha item type
    Dewey Decimal Classification     Non-Fiction Footprints International School Library Network Toul Kork Campus Footprints International School Library Network Toul Kork Campus A TK Campus, 4th Floor, Room B401, Non-Fiction Bookcases(7-8) 06/27/2023 1 CHR GB662.T393 FISBK05978 10/19/2023 10/05/2023 1 06/27/2023 Books
    Dewey Decimal Classification     Non-Fiction Footprints International School Library Network Toul Kork Campus Footprints International School Library Network Toul Kork Campus TTP Secondary Non-Fiction Bookshelves 06/27/2023   CHR GB662.T393 FIS01248 10/25/2024   2 06/27/2023 Books
    Dewey Decimal Classification     Non-Fiction Footprints International School Library Network Toul Kork Campus Footprints International School Library Network Toul Kork Campus TTP Secondary Non-Fiction Bookshelves 06/27/2023   CHR GB662.T393 FISO5364 01/23/2025   3 06/27/2023 Books